[Event "ESP-chT Rapid"]
[Site "Ubeda"]
[Date "2023.09.24"]
[Round "8.2"]
[White "Perez Guerra, Alberto"]
[Black "Ibarra Jerez, Jose Carlos"]
[Result "0-1"]
[WhiteElo "1990"]
[BlackElo "2563"]
[PlyCount "72"]
[EventDate "2023.09.23"]
[EventType "team-swiss (rapid)"]
[EventRounds "9"]
[EventCountry "ESP"]
[SourceTitle "CBM 216 Extra"]
[Source "ChessBase"]
[SourceDate "2023.11.30"]
[SourceVersion "1"]
[SourceVersionDate "2023.11.30"]
[SourceQuality "1"]
[WhiteTeam "Miraflores Dimalsan"]
[BlackTeam "Costa Calida"]
[WhiteTeamCountry "ESP"]
[BlackTeamCountry "ESP"]

1. e4 c5 2. Nf3 Nc6 3. d4 cxd4 4. Nxd4 Nf6 5. Nc3 e6 6. Ndb5 Bc5 7. Nd6+ Ke7 8. Bf4 e5 9. Nf5+ Kf8 10. Be3 Bb4 11. Bg5 d6 12. Ne3 Qa5 13. Qd3 Nxe4 14. Qxe4 Bxc3+ 15. Kd1 Bxb2 16. Nc4 Qc3 17. Rb1 Qd4+ 18. Bd3 d5 19. Qxd4 Bxd4 20. Nd6 f6 21. Be3 Bxe3 22. fxe3 b6 23. Nxc8 Rxc8 24. Rb5 Rd8 25. Rf1 Ke7 26. Kd2 Rd6 27. Rf5 g6 28. Rf2 f5 29. c3 h5 30. h4 Rc8 31. Bc2 Na5 32. Bb3 Nc4+ 33. Ke2 Ke6 34. Rf1 Na3 35. Rxd5 Rxd5 36. Rd1 Nc4 0-1

[Event "Casabermeja op"]
[Site "Casabermeja"]
[Date "2021.09.10"]
[Round "3"]
[White "Gonzalez Capacete, Jose Miguel"]
[Black "Perez Guerra, Alberto"]
[Result "0-1"]
[WhiteElo "1899"]
[BlackElo "1967"]
[PlyCount "74"]
[EventDate "2021.09.09"]
[EventType "swiss"]
[EventRounds "7"]
[EventCountry "ESP"]
[SourceTitle "CBM 204 Extra"]
[Source "ChessBase"]
[SourceDate "2021.11.30"]
[SourceVersion "1"]
[SourceVersionDate "2021.11.30"]
[SourceQuality "1"]

1. Nf3 d5 2. g3 Nd7 3. c4 c6 4. cxd5 cxd5 5. Nc3 Ngf6 6. Bg2 e5 7. d4 e4 8. Ne5 Bd6 9. Bf4 Qe7 10. Nxd7 Bxd7 11. Bg5 Bc6 12. 0-0 h6 13. Bxf6 gxf6 14. Bh3 f5 15. Bxf5 Qg5 16. Bh3 h5 17. Qc1 Qg7 18. Qe3 h4 19. Kg2 Qh7 20. Rh1 Qg6 21. f4 f5 22. Kf2 0-0-0 23. Rag1 Kb8 24. Ke1 Qf6 25. Qf2 Bb4 26. e3 Bb5 27. a3 Bxc3+ 28. bxc3 Rd6 29. Kd2 Rb6 30. Ra1 Bd3 31. Ra2 Bb1 32. Kc1 Bxa2 33. Qxa2 hxg3 34. hxg3 Qc6 35. Kd2 Qb5 36. Qc2 Qb2 37. Bxf5 Rxh1 0-1

[Event "ESP-ch 84th"]
[Site "Marbella"]
[Date "2019.11.22"]
[Round "7"]
[White "Garcia Romero, Benjamin Abel"]
[Black "Perez Guerra, Alberto"]
[Result "1-0"]
[WhiteElo "2234"]
[BlackElo "1988"]
[PlyCount "57"]
[EventDate "2019.11.16"]
[EventType "swiss"]
[EventRounds "9"]
[EventCountry "ESP"]
[SourceTitle "CBM 193 Extra"]
[Source "ChessBase"]
[SourceDate "2020.01.31"]
[SourceVersion "1"]
[SourceVersionDate "2020.01.31"]
[SourceQuality "1"]

1. d4 Nf6 2. c4 e6 3. g3 d5 4. Nf3 Be7 5. Bg2 0-0 6. 0-0 dxc4 7. Qa4 a6 8. Qxc4 b5 9. Qc2 Bb7 10. Bd2 Be4 11. Qc1 c6 12. Rd1 Nbd7 13. Nc3 Bg6 14. Nh4 Bh5 15. a3 Rc8 16. b4 Nb6 17. Nf3 Nc4 18. Bg5 a5 19. Bxf6 gxf6 20. Ne4 axb4 21. axb4 Bxb4 22. Ra7 f5 23. Rd7 fxe4 24. Rxd8 Rfxd8 25. Ng5 e5 26. Bxe4 Bxe2 27. Nxh7 Rd6 28. Qg5+ Kh8 29. Nf6 1-0

[Event "ESP-ch 84th"]
[Site "Marbella"]
[Date "2019.11.16"]
[Round "1"]
[White "Perez Guerra, Alberto"]
[Black "Alsina Leal, Daniel"]
[Result "0-1"]
[WhiteElo "1988"]
[BlackElo "2467"]
[PlyCount "59"]
[EventDate "2019.11.16"]
[EventType "swiss"]
[EventRounds "9"]
[EventCountry "ESP"]
[SourceTitle "CBM 193 Extra"]
[Source "ChessBase"]
[SourceDate "2020.01.31"]
[SourceVersion "1"]
[SourceVersionDate "2020.01.31"]
[SourceQuality "1"]

1. c4 e5 2. g3 c6 3. Nf3 e4 4. Nd4 d5 5. cxd5 Qxd5 6. e3 Nf6 7. Nc3 Qe5 8. Bg2 Bc5 9. Nb3 Na6 10. a3 Bb6 11. d4 exd3 12. Qxd3 0-0 13. 0-0 Re8 14. e4 Be6 15. Bf4 Qh5 16. Qc2 Bh3 17. Bxh3 Qxh3 18. Kh1 Nh5 19. Qe2 Nxf4 20. gxf4 f5 21. e5 Nc7 22. Qc4+ Ne6 23. f3 Rad8 24. Ne2 Kh8 25. Qc2 Be3 26. Qc4 h6 27. a4 Rd5 28. Qc3 Nxf4 29. Nxf4 Bxf4 30. Qc2 0-1

[Event "Malaga Region-ch"]
[Site "Malaga"]
[Date "2013.01.19"]
[Round "4"]
[White "Perez Guerra, Alberto"]
[Black "Marquez Bernal, Florencio"]
[Result "0-1"]
[WhiteElo "1866"]
[BlackElo "1924"]
[PlyCount "34"]
[EventDate "2013.01.12"]
[EventType "swiss"]
[EventRounds "9"]
[EventCountry "ESP"]
[SourceTitle "CBM 152 Extra"]
[Source "ChessBase"]
[SourceDate "2013.02.25"]
[SourceVersion "1"]
[SourceVersionDate "2013.02.25"]
[SourceQuality "1"]

1. e4 c5 2. Nf3 Nc6 3. d4 cxd4 4. Nxd4 g6 5. Nc3 Bg7 6. Be3 Nf6 7. f3 0-0 8. g4 Qb6 9. Rb1 d5 10. g5 dxe4 11. gxf6 Bxf6 12. Nf5 Qa5 13. Nh6+ Kg7 14. Kf2 Rd8 15. Qe2 Nd4 16. Qc4 Be6 17. Nf5+ Qxf5 0-1

[Event "Malaga-ch"]
[Site "Malaga"]
[Date "2012.01.21"]
[Round "4"]
[White "Gutierrez Lopez, Carlos"]
[Black "Perez Guerra, Alberto"]
[Result "1/2-1/2"]
[WhiteElo "2128"]
[BlackElo "1865"]
[PlyCount "69"]
[EventDate "2012.01.14"]
[EventType "swiss"]
[EventRounds "9"]
[EventCountry "ESP"]
[SourceTitle "CBM 146 Extra"]
[Source "ChessBase"]
[SourceDate "2012.02.29"]
[SourceVersion "1"]
[SourceVersionDate "2012.02.29"]
[SourceQuality "1"]

1. e4 e6 2. d3 d5 3. Nd2 Nf6 4. Ngf3 Be7 5. g3 c5 6. Bg2 0-0 7. 0-0 b5 8. Re1 Nc6 9. e5 Nd7 10. Nf1 a5 11. h4 a4 12. a3 Nb6 13. N1h2 b4 14. Ng4 c4 15. d4 c3 16. bxc3 bxc3 17. Bg5 Nc4 18. Qc1 Bxg5 19. hxg5 Nd2 20. Rd1 Ba6 21. Rxd2 cxd2 22. Qxd2 Qa5 23. c3 Qb5 24. Qf4 Qd3 25. Bf1 Qf5 26. Qxf5 exf5 27. Ne3 Bxf1 28. Kxf1 Ne7 29. c4 dxc4 30. d5 Ra5 31. d6 Ng6 32. Nxc4 Rc5 33. Nb6 Rd8 34. Re1 f6 35. gxf6 1/2-1/2

[Event "Malaga-ch"]
[Site "Malaga"]
[Date "2012.01.15"]
[Round "2"]
[White "Perez Guerra, Alberto"]
[Black "Munoz Pelaez, Manuel"]
[Result "1-0"]
[WhiteElo "1865"]
[BlackElo "1794"]
[PlyCount "115"]
[EventDate "2012.01.14"]
[EventType "swiss"]
[EventRounds "9"]
[EventCountry "ESP"]
[SourceTitle "CBM 146 Extra"]
[Source "ChessBase"]
[SourceDate "2012.02.29"]
[SourceVersion "1"]
[SourceVersionDate "2012.02.29"]
[SourceQuality "1"]

1. e4 c6 2. d4 d5 3. Nc3 dxe4 4. Nxe4 Bf5 5. Ng3 Bg6 6. h4 h6 7. Nf3 Nd7 8. h5 Bh7 9. Bd3 Bxd3 10. Qxd3 e6 11. Bf4 Ngf6 12. 0-0-0 Nd5 13. Bd2 Qc7 14. c4 N5f6 15. Ne4 Nxe4 16. Qxe4 Nf6 17. Qc2 0-0-0 18. g3 c5 19. Bc3 Bd6 20. Kb1 cxd4 21. Bxd4 Bc5 22. Qc3 Bxd4 23. Rxd4 Rxd4 24. Qxd4 Qc6 25. Qf4 Qe4+ 26. Qxe4 Nxe4 27. Rh4 Nxf2 28. Kc2 Rd8 29. Nd4 e5 30. Nf5 Kc7 31. Nxg7 Rd4 32. Rxd4 exd4 33. Nf5 Ng4 34. Kd3 Kd7 35. Kxd4 Ke6 36. Ne3 Ne5 37. a3 f5 38. b4 Nd7 39. Nd5 Nb8 40. b5 b6 41. a4 Nd7 42. a5 Kd6 43. axb6 axb6 44. Nxb6 Nf6 45. c5+ Ke6 46. Nc4 Kd7 47. Ne3 f4 48. gxf4 Nxh5 49. Ng4 Nxf4 50. Nxh6 Ne6+ 51. Kc4 Kc7 52. Nf5 Nd8 53. Nd4 Nf7 54. b6+ Kb7 55. Kb5 Ne5 56. c6+ Kc8 57. Ne6 Kb8 58. Nc5 1-0

[Event "Andalucia-ch U18"]
[Site "Almeria"]
[Date "2011.04.18"]
[Round "4.7"]
[White "Perez Guerra, Alberto"]
[Black "Gutierrez Valero, Mario"]
[Result "0-1"]
[WhiteElo "1827"]
[BlackElo "2055"]
[PlyCount "96"]
[EventDate "2011.04.16"]
[EventType "swiss"]
[EventRounds "8"]
[EventCountry "ESP"]
[SourceTitle "EXT 2024"]
[Source "ChessBase"]
[SourceDate "2023.10.10"]
[SourceVersion "1"]
[SourceVersionDate "2023.10.10"]
[SourceQuality "1"]

1. d4 Nf6 2. c4 g6 3. Nc3 Bg7 4. e4 d6 5. Nf3 0-0 6. Be2 e5 7. 0-0 Nc6 8. d5 Ne7 9. Ne1 Ne8 10. Nd3 f5 11. Bd2 f4 12. f3 g5 13. c5 Rf6 14. cxd6 cxd6 15. Nb5 Rh6 16. Nf2 a6 17. Nc3 Nf6 18. h3 Rg6 19. a4 h5 20. a5 Kh7 21. Na4 Nd7 22. Rc1 Ng8 23. Rc3 b5 24. axb6 Nxb6 25. Nxb6 Qxb6 26. Qc2 Bd7 27. Ra1 Nf6 28. Rb3 Qd8 29. Qd1 Kh8 30. Rba3 Qb6 31. Rb3 Qd8 32. Rba3 Qb8 33. Rb3 Qg8 34. Rb6 Bf8 35. Rbxa6 Rxa6 36. Rxa6 g4 37. fxg4 hxg4 38. hxg4 Nxg4 39. Bxg4 Bxg4 40. Nxg4 Rxg4 41. Qf3 Qg5 42. Ra3 Rh4 43. b4 Be7 44. Qf2 Qh5 45. Rh3 Rxh3 46. gxh3 Bh4 47. Qf1 f3 48. Kh2 f2 0-1

[Event "Malaga op 13th"]
[Site "Malaga"]
[Date "2010.02.21"]
[Round "2"]
[White "Perez Guerra, Alberto"]
[Black "Borrego Gil, Diego"]
[Result "0-1"]
[WhiteElo "1670"]
[BlackElo "1966"]
[PlyCount "39"]
[EventDate "2010.02.20"]
[EventType "swiss"]
[EventRounds "9"]
[EventCountry "ESP"]
[SourceTitle "CBM 135 Extra"]
[Source "ChessBase"]
[SourceDate "2010.05.04"]
[SourceVersion "1"]
[SourceVersionDate "2010.05.04"]
[SourceQuality "1"]

1. e4 c5 2. Nf3 Nc6 3. d4 cxd4 4. Nxd4 Nf6 5. Nc3 e6 6. Be3 Bb4 7. f3 d5 8. Nxc6 bxc6 9. e5 Nd7 10. f4 c5 11. Bd2 Bb7 12. Nb5 Bxd2+ 13. Qxd2 0-0 14. Nd6 Bc6 15. Be2 f6 16. Qe3 fxe5 17. fxe5 Qh4+ 18. g3 Qb4+ 19. Qd2 Qxb2 20. Rc1 0-1